[Event "4th Tungsram it"]
[Site "Budapest HUN"]
[Date "1978.08.??"]
[Round "11"]
[White "Vadasz, Laszlo"]
[WhiteElo "2505"]
[Black "Jansa, Vlastimil"]
[BlackElo "2505"]
[Result "1-0"]
[EventDate "1978.08.12"]
[PlyCount "65"]

1.Nf3 Nf6 2.c4 g6 3.g3 Bg7 4.Bg2 O-O 5.O-O d6 6.d4 Nbd7 7.Nc3 e5 8.e4 c6 
9.Rb1 a6 10.h3 b5 11.c5 b4 12.Na4 Nxe4 13.cxd6 Nxd6 14.Bg5 f6 15.dxe5 fxg5
16.exd6 Qf6 17.Qb3+ Kh8 18.Qxb4 c5 19.Qe4 Rb8 20.Qe7 Qf5 21.Nxg5 Nf6 22.
Nf7+ Kg8 23.Ne5 Be6 24.Nc6 Rbe8 25.Qa7 Qc2 26.Nxc5 Kh8 27.Nxe6 Rxe6 28.Nd4
Qc4 29.Nxe6 Qxe6 30.Qe7 Qf5 31.Rbd1 Nd7 32.Rd5 Be5 33.f4 1-0

[Event "4th Tungsram it"]
[Site "Budapest HUN"]
[Date "1978.08.??"]
[Round "11"]
[White "Adorjan, Andras"]
[WhiteElo "2515"]
[Black "Portisch, Ferenc"]
[BlackElo "2450"]
[Result "1/2-1/2"]
[EventDate "1978.08.12"]
[PlyCount "33"]

1.e4 e6 2.d4 d5 3.Nd2 c5 4.Ngf3 Nc6 5.exd5 exd5 6.Bb5 Bd6 7.dxc5 Bxc5 8.
O-O Ne7 9.Nb3 Bd6 10.Re1 O-O 11.Bg5 Qc7 12.c3 Bg4 13.h3 Bh5 14.Be2 Bg6 15.
Bd3 Bh5 16.Be2 Bg6 17.Bd3 1/2-1/2

[Event "4th Tungsram it"]
[Site "Budapest HUN"]
[Date "1978.08.??"]
[Round "11"]
[White "Malich, Burkhard"]
[Black "Csom, Istvan"]
[Result "1/2-1/2"]
[WhiteElo "2535"]
[BlackElo "2510"]
[EventDate "1978.08.12"]
[PlyCount "30"]

1.d4 Nf6 2.c4 e6 3.Nf3 b6 4.a3 c5 5.d5 Ba6 6.dxe6 dxe6 7.Qxd8+ Kxd8 8.Bf4 
Nc6 9.Nbd2 Nh5 10.Be3 Bd6 11.g3 Nf6 12.Bg2 Ke7 13.h3 Bb7 14.O-O Rhd8 15.
Rac1 1/2-1/2

[Event "4th Tungsram it"]
[Site "Budapest HUN"]
[Date "1978.08.??"]
[Round "11"]
[White "Mednis, Edmar John"]
[Black "Barczay, Laszlo"]
[Result "1/2-1/2"]
[WhiteElo "2460"]
[BlackElo "2465"]
[EventDate "1978.08.12"]
[PlyCount "58"]

1.e4 c5 2.Nf3 e6 3.d4 cxd4 4.Nxd4 Nc6 5.Nb5 d6 6.c4 Nf6 7.N1c3 a6 8.Na3 
Be7 9.Be2 O-O 10.O-O b6 11.Be3 Bb7 12.Rc1 Rb8 13.Qd2 Ba8 14.Rfd1 Ne5 15.f3
Re8 16.Kh1 Bf8 17.Bf1 Qe7 18.Qf2 Nfd7 19.h3 Rec8 20.Re1 Nc5 21.Rcd1 Qe8 
22.Bc1 Be7 23.Kh2 Kh8 24.b3 b5 25.cxb5 Ncd3 26.Bxd3 Rxc3 27.Bf1 axb5 28.
Bb2 Rcc8 29.Rc1 Bc6 1/2-1/2

[Event "4th Tungsram it"]
[Site "Budapest HUN"]
[Date "1978.08.??"]
[Round "11"]
[White "Kuzmin, Gennady"]
[Black "Ree, Hans"]
[Result "1/2-1/2"]
[WhiteElo "2560"]
[BlackElo "2500"]
[EventDate "1978.08.12"]
[PlyCount "22"]

1.e4 c6 2.c4 d5 3.cxd5 cxd5 4.exd5 Nf6 5.Nc3 Nxd5 6.Bc4 Nb6 7.Bb3 Nc6 8.
Nf3 e5 9.O-O Be7 10.Re1 Bg4 11.h3 1/2-1/2

[Event "4th Tungsram it"]
[Site "Budapest HUN"]
[Date "1978.08.??"]
[Round "12"]
[White "Regan, Kenneth"]
[Black "Ree, Hans"]
[Result "1/2-1/2"]
[WhiteElo "2430"]
[BlackElo "2500"]
[EventDate "1978.08.12"]
[PlyCount "60"]

1.e4 e6 2.d4 d5 3.Nc3 Nf6 4.Bg5 dxe4 5.Nxe4 Be7 6.Bxf6 Bxf6 7.Nf3 Nd7 8.
Bc4 O-O 9.O-O Qe7 10.Qe2 c5 11.Rad1 cxd4 12.Nxf6+ Nxf6 13.Rxd4 Bd7 14.Ne5 
Rfd8 15.Rfd1 Be8 16.Qe3 Rxd4 17.Qxd4 g6 18.a3 b5 19.Be2 Rc8 20.c3 a5 21.
Kf1 Qc5 22.Bf3 Kg7 23.g3 h5 24.h4 Qe7 25.Qd6 Qxd6 26.Rxd6 b4 27.cxb4 axb4 
28.Nc6 bxa3 29.bxa3 Nd5 30.Bxd5 exd5 1/2-1/2

[Event "4th Tungsram it"]
[Site "Budapest HUN"]
[Date "1978.08.??"]
[Round "12"]
[White "Barczay, Laszlo"]
[Black "Kuzmin, Gennady"]
[Result "1/2-1/2"]
[WhiteElo "2465"]
[BlackElo "2560"]
[EventDate "1978.08.12"]
[PlyCount "70"]

1.e4 e5 2.Nf3 Nf6 3.Nxe5 d6 4.Nf3 Nxe4 5.d4 d5 6.Bd3 Be7 7.O-O O-O 8.Re1 
Bf5 9.Nbd2 Nd6 10.Nf1 Nc6 11.c3 Bf6 12.Bf4 Bxd3 13.Qxd3 Ne7 14.Ne3 Ng6 15.
Nxd5 Nxf4 16.Nxf4 g6 17.Nd5 Bg7 18.Re2 c6 19.Ne3 Qa5 20.Nc4 Qa6 21.Nce5 
Qa5 22.a3 Rad8 23.Qc2 c5 24.dxc5 Qxc5 25.Qb3 Qb5 26.Qxb5 Nxb5 27.Kf1 Nc7 
28.Rae1 Nd5 29.g3 Nb6 30.Re4 f6 31.Nc4 f5 32.Rh4 Bf6 33.Nxb6 Bxh4 34.gxh4 
axb6 35.Re6 1/2-1/2

[Event "4th Tungsram it"]
[Site "Budapest HUN"]
[Date "1978.08.??"]
[Round "12"]
[White "Lukacs, Peter"]
[Black "Mednis, Edmar John"]
[Result "1/2-1/2"]
[WhiteElo "2460"]
[BlackElo "2460"]
[EventDate "1978.08.12"]
[PlyCount "32"]

1.d4 Nf6 2.c4 e6 3.Nc3 Bb4 4.e3 b6 5.Bd3 Bb7 6.Nf3 Ne4 7.O-O Bxc3 8.bxc3 
f5 9.Ne1 O-O 10.f3 Nd6 11.Ba3 Rf6 12.c5 Nf7 13.Qe2 Nc6 14.f4 Ne7 15.c4 g5 
16.Rd1 1/2-1/2

[Event "4th Tungsram it"]
[Site "Budapest HUN"]
[Date "1978.08.??"]
[Round "12"]
[White "Portisch, Ferenc"]
[Black "Malich, Burkhard"]
[Result "1/2-1/2"]
[WhiteElo "2450"]
[BlackElo "2535"]
[EventDate "1978.08.12"]
[PlyCount "40"]

1.d4 Nf6 2.c4 e6 3.Nc3 Bb4 4.e3 c5 5.Bd3 d5 6.Nf3 O-O 7.O-O dxc4 8.Bxc4 
Nbd7 9.a3 cxd4 10.axb4 dxc3 11.bxc3 b6 12.Bb2 Bb7 13.Ba6 Qc7 14.Bxb7 Qxb7 
15.c4 a5 16.Qb3 axb4 17.Qxb4 Ne4 18.Ne5 Nxe5 19.Bxe5 Qc6 20.Bd4 Nc5 
1/2-1/2

[Event "4th Tungsram it"]
[Site "Budapest HUN"]
[Date "1978.08.??"]
[Round "12"]
[White "Hardicsay, Peter"]
[Black "Vadasz, Laszlo"]
[Result "0-1"]
[WhiteElo "2355"]
[BlackElo "2505"]
[EventDate "1978.08.12"]
[PlyCount "122"]

1.e4 d6 2.d4 Nf6 3.Nc3 g6 4.Bf4 c6 5.Qd2 Qa5 6.Nf3 Nbd7 7.e5 dxe5 8.Nxe5 
Bg7 9.Nc4 Qd8 10.Bh6 O-O 11.Bxg7 Kxg7 12.Be2 Nb6 13.O-O Bf5 14.Rad1 Nxc4 
15.Bxc4 Qd6 16.h3 Rad8 17.Ne2 Be6 18.Bxe6 Qxe6 19.a3 Rd7 20.c3 Rfd8 21.
Rfe1 Qb3 22.Nc1 Qb6 23.Qc2 c5 24.Nb3 cxd4 25.Rxd4 Qb5 26.Rxd7 Rxd7 27.Nd4 
Qd5 28.Nf3 e6 29.c4 Qd3 30.Qa4 a6 31.Qb4 Qc2 32.c5 h6 33.Re5 Qc1+ 34.Re1 
Rd1 35.Rxd1 Qxd1+ 36.Qe1 Qd5 37.Qe5 a5 38.Qxd5 Nxd5 39.Ne1 Kf6 40.Nd3 e5 
41.f3 Ke6 42.g3 f5 43.Kf1 e4 44.fxe4 fxe4 45.Nf2 Nf6 46.Ke2 a4 47.Nd1 Nd5 
48.Nf2 Kf5 49.Ng4 h5 50.Nf2 Ke5 51.h4 Kd4 52.Nh3 Kxc5 53.Ng5 Kd4 54.Ne6+ 
Kc4 55.Kd2 b5 56.Ng5 e3+ 57.Kc2 Nf6 58.Ne6 Ne4 59.Nf4 Nxg3 60.Nxg6 e2 61.
Kd2 Kb3 0-1

[Event "4th Tungsram it"]
[Site "Budapest HUN"]
[Date "1978.08.??"]
[Round "12"]
[White "Fernandez Fernandez, Juan Carlos"]
[Black "Groszpeter, Attila"]
[Result "1/2-1/2"]
[WhiteElo "2370"]
[BlackElo "2230"]
[EventDate "1978.08.12"]
[PlyCount "86"]

1.e4 c6 2.c4 e5 3.Nf3 d6 4.d4 Bg4 5.Be2 Be7 6.Nbd2 Nd7 7.O-O Ngf6 8.Re1 
Bxf3 9.Nxf3 Nxe4 10.Bd3 Nef6 11.dxe5 dxe5 12.Nxe5 Nxe5 13.Rxe5 O-O 14.Qf3 
Nd7 15.Qe4 Nf6 16.Qf3 Nd7 17.Re1 Bf6 18.Bf4 g6 19.Rad1 Qa5 20.Bd6 Rfe8 21.
b4 Qxa2 22.b5 c5 23.Be4 Kg7 24.Bxb7 Rxe1+ 25.Rxe1 Qd2 26.Rf1 Re8 27.Bd5 
Re1 28.g3 Nb6 29.Bxc5 Rxf1+ 30.Kxf1 Nxc4 31.Bxa7 Ne5 32.Qb3 Nd3 33.Be3 
Qe1+ 34.Kg2 Qe2 35.b6 Bg5 36.Bd4+ f6 37.b7 Bf4 38.b8=Q Bxb8 39.Qxb8 Ne1+ 
40.Kg1 Qd1 41.Qb7+ Kh6 42.Be3+ g5 43.Qf7 1/2-1/2

[Event "4th Tungsram it"]
[Site "Budapest HUN"]
[Date "1978.08.??"]
[Round "13"]
[White "Groszpeter, Attila"]
[Black "Regan, Kenneth"]
[Result "1-0"]
[WhiteElo "2230"]
[BlackElo "2430"]
[EventDate "1978.08.12"]
[PlyCount "72"]

1.e4 c5 2.c3 g6 3.d4 cxd4 4.cxd4 d5 5.e5 Nc6 6.Nc3 Bg7 7.Be2 Nh6 8.h3 f6 
9.exf6 exf6 10.Bf3 Be6 11.Nge2 O-O 12.Nf4 Bf7 13.Bxd5 Bxd5 14.Nfxd5 Qa5 
15.O-O Nf5 16.Be3 Rf7 17.Nf4 Qb4 18.a3 Qe7 19.Re1 Nxe3 20.Rxe3 Qd6 21.Ne6 
Bh6 22.Re1 Nd8 23.d5 f5 24.Qa4 Nxe6 25.dxe6 Re7 26.Rad1 Qc6 27.Qh4 Bf8 28.
Nd5 Rxe6 29.Rxe6 Qxe6 30.Nc7 Qe2 31.Rd7 Bg7 32.Rxg7+ Kxg7 33.Qd4+ Kg8 34.
Nxa8 Qe1+ 35.Kh2 Qe8 36.Qd5+ 1-0

[Event "4th Tungsram it"]
[Site "Budapest HUN"]
[Date "1978.08.??"]
[Round "13"]
[White "Vadasz, Laszlo"]
[Black "Fernandez Fernandez, Juan Carlos"]
[Result "1-0"]
[WhiteElo "2505"]
[BlackElo "2370"]
[EventDate "1978.08.12"]
[PlyCount "56"]

1.Nf3 Nf6 2.c4 e6 3.g3 b6 4.Bg2 Bb7 5.O-O c5 6.Nc3 Be7 7.d4 cxd4 8.Qxd4 
O-O 9.Bg5 h6 10.Bxf6 Bxf6 11.Qd3 Na6 12.Rac1 d5 13.cxd5 Nb4 14.Qb1 Bxc3 
15.Rxc3 Nxd5 16.Rcc1 Nf6 17.Qc2 Rc8 18.Qa4 Rxc1 19.Rxc1 Qb8 20.Nd4 Bxg2 
21.Kxg2 Qe5 22.Qc4 a5 23.Rc2 Rd8 24.Nc6 b5 25.Nxe5 bxc4 26.Nxc4 Nd5 27.
Nxa5 Ra8 28.Rc5 1-0

[Event "4th Tungsram it"]
[Site "Budapest HUN"]
[Date "1978.08.??"]
[Round "13"]
[White "Adorjan, Andras"]
[WhiteElo "2515"]
[Black "Hardicsay, Peter"]
[BlackElo "2355"]
[Result "1-0"]
[EventDate "1978.08.12"]
[PlyCount "59"]

1.c4 Nf6 2.Nc3 e6 3.e4 c5 4.e5 Ng8 5.Nf3 Nc6 6.d4 cxd4 7.Nxd4 Nxe5 8.Ndb5 
a6 9.Nd6+ Bxd6 10.Qxd6 f6 11.Bf4 Nf7 12.Qa3 Ne7 13.Be2 Nc6 14.Rd1 Qa5 15.
Qxa5 Nxa5 16.Bc7 b6 17.c5 Bb7 18.O-O Bc6 19.Bxb6 Nb7 20.b4 d6 21.Rfe1 e5 
22.Bc4 dxc5 23.bxc5 O-O 24.Nd5 Bb5 25.Bxb5 axb5 26.c6 Nbd8 27.Ne7+ Kh8 28.
Bxd8 Nxd8 29.c7 Ne6 30.Rc1 1-0

[Event "4th Tungsram it"]
[Site "Budapest HUN"]
[Date "1978.08.??"]
[Round "13"]
[White "Mednis, Edmar John"]
[WhiteElo "2460"]
[Black "Csom, Istvan"]
[BlackElo "2510"]
[Result "0-1"]
[EventDate "1978.08.12"]
[PlyCount "102"]

1.e4 c5 2.Nf3 d6 3.d4 cxd4 4.Nxd4 Nf6 5.Nc3 Nc6 6.Bg5 e6 7.Qd2 a6 8.O-O-O 
h6 9.Be3 Bd7 10.f4 b5 11.Bd3 Qc7 12.Kb1 Be7 13.h3 Na5 14.g4 b4 15.Nce2 Nc4
16.Bxc4 Qxc4 17.Ng3 a5 18.g5 hxg5 19.fxg5 Nh5 20.Nxh5 Rxh5 21.e5 d5 22.
Rdf1 g6 23.Rf4 Qa6 24.Rhf1 Rh7 25.h4 Bb5 26.Nxb5 Qxb5 27.Qf2 Kd7 28.Rc1 
Rc8 29.Rxf7 Rxf7 30.Qxf7 Qe2 31.Qf2 Qxf2 32.Bxf2 Rf8 33.Bb6 a4 34.c4 Kc6 
35.Be3 Rf3 36.cxd5+ Kxd5 37.Bb6 b3 38.axb3 axb3 39.Bc7 Rh3 40.Rd1+ Ke4 41.
Bd6 Bd8 42.Bc5 Bc7 43.Re1+ Kd5 44.Bd6 Ba5 45.Rd1+ Ke4 46.Bc5 Bd2 47.Bf2 
Kxe5 48.Be1 Bf4 49.Bc3+ Kf5 50.Rf1 Rxh4 51.Be1 Rh3 0-1

[Event "4th Tungsram it"]
[Site "Budapest HUN"]
[Date "1978.08.??"]
[Round "13"]
[White "Kuzmin, Gennady"]
[Black "Lukacs, Peter"]
[Result "0-1"]
[WhiteElo "2560"]
[BlackElo "2460"]
[EventDate "1978.08.12"]
[PlyCount "82"]

1.e4 e5 2.Nf3 Nc6 3.Bb5 a6 4.Ba4 Nf6 5.O-O Be7 6.Re1 b5 7.Bb3 O-O 8.d4 d6 
9.c3 Bg4 10.d5 Na5 11.Bc2 c6 12.h3 Bh5 13.dxc6 Qc7 14.Nbd2 Nxc6 15.Nf1 
Rad8 16.Ne3 d5 17.Nxd5 Nxd5 18.exd5 f5 19.Qe2 e4 20.dxc6 Bc5 21.Bg5 Bxf3 
22.Qf1 Rde8 23.a4 Qe5 24.gxf3 Qg3+ 25.Qg2 Bxf2+ 26.Kf1 Bxe1 27.Bb3+ Kh8 
28.axb5 axb5 29.Qxg3 Bxg3 30.fxe4 fxe4+ 31.Kg2 Bc7 32.Ra7 Bb8 33.Rb7 e3 
34.Rxb8 Rxb8 35.Bxe3 Rbc8 36.Bd5 Rf6 37.b4 Rfxc6 38.Bxc6 Rxc6 39.Bc5 Kg8 
40.Kf3 Rh6 41.c4 bxc4 0-1

[Event "4th Tungsram it"]
[Site "Budapest HUN"]
[Date "1978.08.??"]
[Round "13"]
[White "Ree, Hans"]
[Black "Barczay, Laszlo"]
[Result "1/2-1/2"]
[WhiteElo "2500"]
[BlackElo "2465"]
[EventDate "1978.08.12"]
[PlyCount "28"]

1.c4 Nf6 2.Nc3 g6 3.e4 d6 4.d4 Bg7 5.Nf3 O-O 6.Be2 c5 7.d5 e6 8.O-O exd5 
9.cxd5 Bg4 10.Bg5 Nbd7 11.Nd2 Bxe2 12.Qxe2 Re8 13.f4 Qb6 14.Qf3 c4+ 
1/2-1/2

[Event "4th Tungsram it"]
[Site "Budapest HUN"]
[Date "1978.08.??"]
[Round "14"]
[White "Lukacs, Peter"]
[Black "Ree, Hans"]
[Result "1/2-1/2"]
[WhiteElo "2460"]
[BlackElo "2500"]
[EventDate "1978.08.12"]
[PlyCount "32"]

1.d4 e6 2.c4 b6 3.d5 Nf6 4.a3 Ba6 5.Qc2 exd5 6.cxd5 c5 7.Nc3 g6 8.Nf3 Bg7 
9.Bf4 d6 10.e4 Bxf1 11.Kxf1 O-O 12.g3 Nh5 13.Bg5 Qd7 14.Kg2 Na6 15.h3 Nc7 
16.Rad1 1/2-1/2

[Event "4th Tungsram it"]
[Site "Budapest HUN"]
[Date "1978.08.??"]
[Round "14"]
[White "Csom, Istvan"]
[Black "Kuzmin, Gennady"]
[Result "1-0"]
[WhiteElo "2510"]
[BlackElo "2560"]
[EventDate "1978.08.12"]
[PlyCount "82"]

1.c4 e5 2.Nc3 Nf6 3.d3 Bb4 4.Bd2 O-O 5.a3 Bxc3 6.Bxc3 Re8 7.e3 d5 8.cxd5 
Nxd5 9.Bd2 a5 10.Nf3 a4 11.Be2 Nd7 12.Qc2 Re6 13.Rc1 Rc6 14.Qb1 Rg6 15.O-O
Re6 16.Rfd1 b6 17.e4 N5f6 18.d4 exd4 19.Nxd4 Rxe4 20.Nc6 Qe8 21.Bf3 Bb7 
22.Bxe4 Nxe4 23.Be3 Ndc5 24.Nb4 Qe7 25.Qc2 Re8 26.f3 Ng3 27.hxg3 Qxe3+ 28.
Qf2 Qg5 29.Re1 Rf8 30.Rc3 Qg6 31.Rce3 Ne6 32.Nd3 h5 33.Nf4 Nxf4 34.gxf4 
Qf6 35.Re5 g6 36.Qd4 Kg7 37.Qxa4 Rd8 38.Qb4 c5 39.Qc3 Rd4 40.Re7 Bd5 41.
Rd7 1-0

[Event "4th Tungsram it"]
[Site "Budapest HUN"]
[Date "1978.08.??"]
[Round "14"]
[White "Portisch, Ferenc"]
[Black "Mednis, Edmar John"]
[Result "1/2-1/2"]
[WhiteElo "2450"]
[BlackElo "2460"]
[EventDate "1978.08.12"]
[PlyCount "78"]

1.d4 d5 2.c4 c6 3.Nf3 Nf6 4.Nc3 dxc4 5.a4 Na6 6.e4 Bg4 7.Bxc4 e6 8.O-O Be7
9.Be2 O-O 10.h3 Bh5 11.Bf4 Rc8 12.a5 Bg6 13.Qb3 Bxe4 14.Qxb7 Nb4 15.Qxa7 
Nfd5 16.Bg3 Bxf3 17.Bxf3 Ra8 18.Qb7 Bd6 19.Bxd5 Rb8 20.Qa7 exd5 21.Bxd6 
Qxd6 22.Na4 Nc2 23.Ra2 Ra8 24.Qc5 Qxc5 25.Nxc5 Nxd4 26.Rd1 Ne6 27.Nd7 Rfd8
28.Nb6 Rab8 29.b4 Nc7 30.Rc2 Na6 31.Rxc6 Nxb4 32.Rc5 g6 33.Nxd5 Kg7 34.Ne3
Rxd1+ 35.Nxd1 Nd3 36.Rd5 Nf4 37.Rd6 Rb1 38.Kh2 Ra1 39.a6 Ne6 1/2-1/2

[Event "4th Tungsram it"]
[Site "Budapest HUN"]
[Date "1978.08.??"]
[Round "14"]
[White "Hardicsay, Peter"]
[Black "Malich, Burkhard"]
[Result "1/2-1/2"]
[WhiteElo "2355"]
[BlackElo "2535"]
[EventDate "1978.08.12"]
[PlyCount "64"]

1.d4 Nf6 2.Nf3 d6 3.c4 Nbd7 4.Nc3 e5 5.Bg5 Be7 6.e3 O-O 7.Be2 c6 8.O-O Ne8
9.Bxe7 Qxe7 10.b4 Nc7 11.Re1 Nf6 12.c5 dxc5 13.bxc5 exd4 14.exd4 Qd8 15.
Qb3 Rb8 16.h3 Be6 17.Bc4 Nfd5 18.Ne4 Nf4 19.Bxe6 Nfxe6 20.Rad1 b6 21.Qe3 
Nd5 22.Qa3 Qc7 23.Nd6 bxc5 24.dxc5 Nb4 25.Re4 a5 26.Qe3 Nd5 27.Rxd5 cxd5 
28.Rxe6 fxe6 29.Qxe6+ Kh8 30.Ne5 d4 31.Ndf7+ Rxf7 32.Nxf7+ Kg8 1/2-1/2

[Event "4th Tungsram it"]
[Site "Budapest HUN"]
[Date "1978.08.??"]
[Round "14"]
[White "Groszpeter, Attila"]
[Black "Vadasz, Laszlo"]
[Result "1/2-1/2"]
[WhiteElo "2230"]
[BlackElo "2505"]
[EventDate "1978.08.12"]
[PlyCount "144"]

1.e4 g6 2.d4 Bg7 3.Nc3 d6 4.Nf3 Nf6 5.Be2 O-O 6.O-O Bg4 7.Be3 Nc6 8.Qd2 e5
9.d5 Ne7 10.Rad1 Nd7 11.Ng5 Bxe2 12.Qxe2 h6 13.Nh3 a6 14.a4 Kh7 15.f4 exf4
16.Rxf4 Ng8 17.Rdf1 Ne5 18.Nb1 Nf6 19.Nd2 Nh5 20.R4f2 Qd7 21.b3 Ng4 22.Rf3
Rae8 23.Nf4 Nxe3 24.Qxe3 Nf6 25.h3 Kg8 26.c4 c5 27.dxc6 bxc6 28.Kh1 Qb7 
29.Nd3 Nd7 30.Qf2 Ne5 31.Nxe5 Rxe5 32.Rd3 Re6 33.c5 Qb4 34.cxd6 Rxd6 35.
Rxd6 Qxd6 36.Nc4 Qd3 37.Qf3 Qxf3 38.Rxf3 Re8 39.Re3 Bd4 40.Re2 Rb8 41.Rd2 
c5 42.Rd3 h5 43.g3 Re8 44.Nd2 Bf2 45.Kg2 Be1 46.Kf3 Bxd2 47.Rxd2 Rb8 48.
Rd3 Rb4 49.Rc3 Kg7 50.Kf4 f6 51.g4 h4 52.g5 f5 53.Rc4 Rxb3 54.exf5 gxf5 
55.Rxc5 Rxh3 56.Rc7+ Kf8 57.Kxf5 Rd3 58.Kg6 h3 59.Rc8+ Ke7 60.Rh8 Ke6 61.
Re8+ Kd5 62.Kg7 Rd4 63.Rh8 Rxa4 64.Rxh3 Rg4 65.g6 Kc5 66.Rh5+ Kb4 67.Kf6 
Rxg6+ 68.Kxg6 a5 69.Rh4+ Kb3 70.Kf5 a4 71.Rh3+ Kb2 72.Ke4 a3 1/2-1/2

[Event "4th Tungsram it"]
[Site "Budapest HUN"]
[Date "1978.08.??"]
[Round "15"]
[White "Vadasz, Laszlo"]
[Black "Regan, Kenneth"]
[Result "1/2-1/2"]
[WhiteElo "2505"]
[BlackElo "2430"]
[EventDate "1978.08.12"]
[PlyCount "64"]

1.Nf3 b6 2.g3 Bb7 3.Bg2 g6 4.d4 Bg7 5.c4 Nf6 6.O-O O-O 7.Nc3 Ne4 8.Nxe4 
Bxe4 9.Be3 c5 10.Qd2 cxd4 11.Bxd4 Nc6 12.Bxg7 Kxg7 13.Qc3+ Kg8 14.Qe3 Bxf3
15.Bxf3 Qc7 16.Rac1 Rac8 17.Rfd1 Ne5 18.Bg2 d6 19.Bh3 e6 20.b3 Rfd8 21.Rd4
d5 22.f4 Nd7 23.Rdd1 dxc4 24.Rxc4 Nc5 25.Rcd4 Nb7 26.Rxd8+ Rxd8 27.Rc1 Qd7
28.Bg2 Rc8 29.Rxc8+ Qxc8 30.Kf2 Nd6 31.Qe5 Qd8 32.Qd4 1/2-1/2

[Event "4th Tungsram it"]
[Site "Budapest HUN"]
[Date "1978.08.??"]
[Round "15"]
[White "Malich, Burkhard"]
[Black "Fernandez Fernandez, Juan Carlos"]
[Result "1/2-1/2"]
[WhiteElo "2535"]
[BlackElo "2370"]
[EventDate "1978.08.12"]
[PlyCount "90"]

1.Nf3 Nf6 2.d4 e6 3.c4 b6 4.Nc3 Bb7 5.a3 d5 6.Bg5 Be7 7.Bxf6 Bxf6 8.cxd5 
exd5 9.g3 O-O 10.Bg2 Re8 11.O-O Nc6 12.e3 Na5 13.b4 Nc4 14.Nd2 Nxd2 15.
Qxd2 c6 16.a4 Rc8 17.Rab1 Rc7 18.Rfc1 Ree7 19.Qa2 Red7 20.Rc2 g6 21.Rbc1 
Kg7 22.Ne2 Ba6 23.Rxc6 Bc4 24.R1xc4 dxc4 25.Qxc4 Rxc6 26.Bxc6 Rd6 27.b5 h5
28.Nc3 Qe7 29.h3 Qe6 30.Qxe6 fxe6 31.Kg2 Bxd4 32.exd4 Rxd4 33.h4 Rc4 34.
Ne4 a5 35.Kf3 Rxa4 36.Bd7 Rb4 37.Bxe6 Rxb5 38.Nc3 Rc5 39.Ne4 Re5 40.Bd7 b5
41.Kf4 Rd5 42.Be6 Rd8 43.Ke5 a4 44.Nc3 Rb8 45.Kd4 1/2-1/2

[Event "4th Tungsram it"]
[Site "Budapest HUN"]
[Date "1978.08.??"]
[Round "15"]
[White "Nunn, John Denis Martin"]
[WhiteElo "2440"]
[Black "Hardicsay, Peter"]
[BlackElo "2355"]
[Result "1-0"]
[EventDate "1978.08.12"]
[PlyCount "113"]

1.e4 e5 2.Nf3 Nc6 3.Bc4 Nf6 4.Ng5 d5 5.exd5 Na5 6.Bb5+ c6 7.dxc6 bxc6 8.
Be2 h6 9.Nh3 Bc5 10.O-O O-O 11.d3 Nb7 12.Nc3 Nd5 13.Bf3 Bb6 14.Qe2 Re8 15.
Re1 Nxc3 16.bxc3 Bd7 17.Ba3 Rb8 18.Rab1 Qc7 19.Kh1 Nd6 20.Ng1 Nb5 21.Bb2 
Ba5 22.Qd2 Qd6 23.Ba1 Na3 24.Rxb8 Rxb8 25.Ne2 Be6 26.Nc1 Nb1 27.Qe3 Bc7 
28.g3 Na3 29.Qe2 Rb1 30.Nb3 Rxe1+ 31.Qxe1 Nxc2 32.Qd1 Nxa1 33.Nxa1 Qa3 34.
c4 Qxa2 35.Kg2 Bb6 36.Nc2 Qa4 37.Qe2 f6 38.Ne3 Bxe3 39.Qxe3 Kf7 40.Qc5 Qa6
41.Bxc6 g5 42.Qd6 Qc8 43.c5 h5 44.f3 Qf8 45.Qc7+ Qe7 46.Qa5 f5 47.h3 Kf6 
48.Kf2 Qf8 49.f4 exf4 50.gxf4 gxf4 51.Qc3+ Kf7 52.Qe5 Qc8 53.Bf3 Ke7 54.d4
Kd8 55.c6 Bf7 56.Qf6+ Kc7 57.Qxf7+ 1-0

[Event "4th Tungsram it"]
[Site "Budapest HUN"]
[Date "1978.08.??"]
[Round "15"]
[White "Mednis, Edmar John"]
[WhiteElo "2460"]
[Black "Jansa, Vlastimil"]
[BlackElo "2505"]
[Result "1-0"]
[EventDate "1978.08.12"]
[PlyCount "69"]

1.e4 c5 2.Nf3 d6 3.d4 cxd4 4.Nxd4 Nf6 5.Nc3 e6 6.Be2 Be7 7.O-O Nc6 8.Be3 
O-O 9.f4 Qc7 10.Kh1 a6 11.Qe1 Nxd4 12.Bxd4 b5 13.a3 Bb7 14.Qg3 Bc6 15.Rae1
Qb7 16.Bd3 b4 17.Nd1 bxa3 18.bxa3 Nh5 19.Qg4 Nf6 20.Bxf6 Bxf6 21.e5 dxe5 
22.fxe5 Be7 23.Qh3 h6 24.Rf4 Rad8 25.Rg4 Bc5 26.Nc3 f5 27.exf6 Rxf6 28.Ne4
Bxe4 29.Rgxe4 Bf2 30.Rf1 Qd5 31.Qg4 Rdf8 32.Bc4 Bc5 33.Rxf6 Rxf6 34.Rxe6 
Kh7 35.Rxf6 1-0

[Event "4th Tungsram it"]
[Site "Budapest HUN"]
[Date "1978.08.??"]
[Round "15"]
[White "Kuzmin, Gennady"]
[Black "Portisch, Ferenc"]
[Result "1-0"]
[WhiteElo "2560"]
[BlackElo "2450"]
[EventDate "1978.08.12"]
[PlyCount "90"]

1.e4 e6 2.d4 d5 3.Nd2 c5 4.Ngf3 Nc6 5.exd5 exd5 6.Bb5 Bd6 7.dxc5 Bxc5 8.
O-O Ne7 9.c4 O-O 10.Nb3 Bd6 11.cxd5 Nb4 12.Bg5 Nbxd5 13.Qd4 Nf5 14.Qd3 Be7
15.Bxe7 Ndxe7 16.Rac1 Qb6 17.Bc4 Nd6 18.Rfe1 Bf5 19.Qd4 Rfe8 20.Bf1 Rad8 
21.Rcd1 Be6 22.Qf4 Ng6 23.Qd4 h6 24.Qxb6 axb6 25.Rd4 Kf8 26.Rb4 Nc8 27.Rc1
Nge7 28.Nbd4 Bd5 29.Ra4 Nd6 30.h3 Bc6 31.Nxc6 bxc6 32.Ra6 Ra8 33.Rxb6 Rxa2
34.Nd4 Nec8 35.Rb4 Ne7 36.Bc4 Nxc4 37.Rcxc4 Ra6 38.Rb7 Rc8 39.b4 Ra1+ 40.
Kh2 Rb1 41.Rc5 Re1 42.b5 Re4 43.Nxc6 Ke8 44.Rb8 Kd7 45.Ne5+ 1-0

[Event "4th Tungsram it"]
[Site "Budapest HUN"]
[Date "1978.08.??"]
[Round "15"]
[White "Ree, Hans"]
[Black "Csom, Istvan"]
[Result "1/2-1/2"]
[WhiteElo "2500"]
[BlackElo "2510"]
[EventDate "1978.08.12"]
[PlyCount "34"]

1.c4 Nf6 2.Nc3 c5 3.Nf3 b6 4.g3 Bb7 5.Bg2 e6 6.O-O d6 7.b3 a6 8.Bb2 Be7 9.
e3 O-O 10.Qe2 Nbd7 11.Rfd1 Qb8 12.d4 cxd4 13.Nxd4 Bxg2 14.Kxg2 Rc8 15.f4 
Qb7+ 16.Qf3 Rab8 17.Qxb7 Rxb7 1/2-1/2

[Event "4th Tungsram it"]
[Site "Budapest HUN"]
[Date "1978.08.??"]
[Round "15"]
[White "Barczay, Laszlo"]
[Black "Lukacs, Peter"]
[Result "1-0"]
[WhiteElo "2465"]
[BlackElo "2460"]
[EventDate "1978.08.12"]
[PlyCount "88"]

1.d4 Nf6 2.c4 e6 3.Nf3 d5 4.Nc3 c5 5.cxd5 Nxd5 6.e4 Nxc3 7.bxc3 cxd4 8.
cxd4 Nc6 9.Bc4 b5 10.Be2 Bb4+ 11.Bd2 Qa5 12.Rb1 Bxd2+ 13.Qxd2 a6 14.Qxa5 
Nxa5 15.Kd2 Ke7 16.Rhc1 Bd7 17.Rc5 Rhc8 18.Rbc1 Rxc5 19.Rxc5 Rc8 20.Rxc8 
Bxc8 21.Kc3 Bd7 22.Ne5 Be8 23.Nd3 Nb7 24.e5 a5 25.d5 exd5 26.Kd4 b4 27.Nf4
Bc6 28.Bf3 a4 29.Bxd5 Na5 30.Kc5 b3 31.axb3 a3 32.b4 Bxd5 33.Nxd5+ Kd7 34.
Nc3 Nb3+ 35.Kc4 Nc1 36.f4 g6 37.g4 Ne2 38.f5 gxf5 39.gxf5 Ng1 40.b5 Nf3 
41.Kd5 Nxh2 42.e6+ fxe6+ 43.fxe6+ Kc7 44.b6+ 1-0